[Event "Chessable Masters Play In"]
[Site "Chess.com INT"]
[Date "2024.01.31"]
[Round "9"]
[White "Livaic, Leon"]
[Black "Flores, Diego"]
[Result "0-1"]
[WhiteElo "2557"]
[BlackElo "2526"]
[PlyCount "40"]
[EventDate "2024.01.31"]
[EventType "swiss (rapid)"]
[EventRounds "9"]
[EventCountry "USA"]
[SourceTitle "CB06_2024"]
[SourceDate "2024.02.07"]
[SourceVersion "1"]
[SourceVersionDate "2024.02.07"]
[SourceQuality "1"]

1. e4 c5 2. Nc3 Nc6 3. f4 g6 4. Nf3 Bg7 5. g3 e6 6. Bg2 Nge7 7. 0-0 d5 8. d3 b6 9. Kh1 Bb7 10. e5 h5 11. Nb5 Nf5 12. Nh4 Bf8 13. Nxf5 gxf5 14. c4 d4 15. b4 a6 16. bxc5 Bxc5 17. Nd6+ Bxd6 18. exd6 h4 19. g4 h3 20. Bf3 fxg4 0-1

[Event "Chessable Masters Play In"]
[Site "Chess.com INT"]
[Date "2024.01.31"]
[Round "5"]
[White "Livaic, Leon"]
[Black "Samadov, Read"]
[Result "1-0"]
[WhiteElo "2557"]
[BlackElo "2502"]
[PlyCount "69"]
[EventDate "2024.01.31"]
[EventType "swiss (rapid)"]
[EventRounds "9"]
[EventCountry "USA"]
[SourceTitle "CB06_2024"]
[SourceDate "2024.02.07"]
[SourceVersion "1"]
[SourceVersionDate "2024.02.07"]
[SourceQuality "1"]

1. d4 Nf6 2. c4 g6 3. Nc3 Bg7 4. e4 d6 5. h3 0-0 6. Be3 Nc6 7. d5 Ne5 8. f4 Ned7 9. g4 c6 10. Nf3 cxd5 11. cxd5 b6 12. Nd4 Nc5 13. Qc2 Bb7 14. Bg2 Rc8 15. 0-0 Qd7 16. Rad1 a6 17. Qe2 b5 18. Nc6 Bxc6 19. dxc6 Qxc6 20. e5 Nfe4 21. Qc2 dxe5 22. Nxe4 Nxe4 23. Qxc6 Rxc6 24. Bxe4 Rc4 25. Bd5 Rc2 26. fxe5 e6 27. Bb3 Rxb2 28. Rfe1 Bxe5 29. Bc1 Bc3 30. Bxb2 Bxb2 31. Rd7 a5 32. Rf1 a4 33. Rdxf7 Re8 34. Bd1 Rd8 35. Rb7 1-0

[Event "Chessable Masters Play In"]
[Site "Chess.com INT"]
[Date "2024.01.31"]
[Round "7"]
[White "Lobanov, Sergei"]
[Black "Livaic, Leon"]
[Result "1-0"]
[WhiteElo "2502"]
[BlackElo "2557"]
[PlyCount "75"]
[EventDate "2024.01.31"]
[EventType "swiss (rapid)"]
[EventRounds "9"]
[EventCountry "USA"]
[SourceTitle "CB06_2024"]
[SourceDate "2024.02.07"]
[SourceVersion "1"]
[SourceVersionDate "2024.02.07"]
[SourceQuality "1"]

1. d4 Nf6 2. c4 g6 3. Nc3 Bg7 4. e4 d6 5. h3 0-0 6. Be3 e5 7. d5 Na6 8. Nf3 Nc5 9. Nd2 a5 10. Be2 Ne8 11. 0-0 b6 12. a3 a4 13. Bxc5 dxc5 14. Nxa4 Nd6 15. b4 Bd7 16. Nc3 cxb4 17. axb4 Rxa1 18. Qxa1 Bxh3 19. Nf3 Bg4 20. c5 bxc5 21. bxc5 Nxe4 22. Nxe4 f5 23. Neg5 Bxf3 24. Nxf3 e4 25. Nd4 Qxd5 26. Rd1 Kh8 27. Qa4 e3 28. Qc4 exf2+ 29. Kxf2 Qe5 30. Ne6 Re8 31. Nxg7 Qe3+ 32. Kf1 Kxg7 33. Rd7+ Kf6 34. Qh4+ Ke6 35. Rd1 g5 36. Bc4+ Kf6 37. Qh6+ Ke5 38. Re1 1-0

[Event "Titled Tuesday intern op 23rd Jan Late"]
[Site "Chess.com INT"]
[Date "2024.01.23"]
[Round "6"]
[White "Livaic, Leon"]
[Black "Janaszak, Dawid"]
[Result "0-1"]
[WhiteElo "2557"]
[BlackElo "2308"]
[PlyCount "110"]
[EventDate "2024.01.23"]
[EventType "swiss (blitz)"]
[EventRounds "11"]
[EventCountry "USA"]
[SourceTitle "CB05_2024"]
[SourceDate "2024.01.31"]
[SourceVersion "1"]
[SourceVersionDate "2024.01.31"]
[SourceQuality "1"]

1. d4 Nf6 2. c4 g6 3. Nc3 Bg7 4. e4 d6 5. h3 0-0 6. Be3 c5 7. Nf3 cxd4 8. Nxd4 Nc6 9. Be2 Bd7 10. 0-0 Nxd4 11. Bxd4 Bc6 12. Qc2 a5 13. Rad1 Nd7 14. Bxg7 Kxg7 15. Bg4 Ne5 16. c5 Nxg4 17. hxg4 Qd7 18. cxd6 Qxg4 19. dxe7 Rfe8 20. Nd5 Bxd5 21. Qc3+ f6 22. exd5 Rxe7 23. d6 Rd7 24. Rd5 Qe6 25. Rfd1 a4 26. Qb4 Ra6 27. a3 h5 28. R5d4 Qb3 29. Qe1 Qf7 30. Re4 Ra8 31. Re7 Rxe7 32. dxe7 Re8 33. Rd7 Qb3 34. Qd2 g5 35. Rc7 Kf7 36. Qe2 g4 37. Qe4 Qd1+ 38. Kh2 Qd6+ 39. g3 Qxc7 40. Qh7+ Ke6 41. Qe4+ Kd7 42. Qd5+ Kxe7 43. Qxh5 Qe5 44. Qh7+ Kd8 45. Qxb7 Rh8+ 46. Kg2 Re8 47. Kh2 Qe4 48. Qb6+ Kd7 49. Qxf6 Re7 50. Kg1 Rh7 51. f3 Qe1+ 52. Kg2 Qe2+ 53. Kg1 Qe3+ 54. Kf1 Qxf3+ 55. Kg1 Qxf6 0-1

[Event "Titled Tuesday intern op 23rd Jan Late"]
[Site "Chess.com INT"]
[Date "2024.01.23"]
[Round "1"]
[White "Livaic, Leon"]
[Black "Mordechai, Hanan"]
[Result "1-0"]
[WhiteElo "2557"]
[BlackElo "2347"]
[PlyCount "33"]
[EventDate "2024.01.23"]
[EventType "swiss (blitz)"]
[EventRounds "11"]
[EventCountry "USA"]
[SourceTitle "CB05_2024"]
[SourceDate "2024.01.31"]
[SourceVersion "1"]
[SourceVersionDate "2024.01.31"]
[SourceQuality "1"]

1. d4 Nf6 2. c4 g6 3. Nc3 Bg7 4. e4 d6 5. h3 0-0 6. Be3 e5 7. d5 a5 8. g4 Na6 9. Nge2 c6 10. Ng3 cxd5 11. cxd5 Nc5 12. Qd2 a4 13. f3 Qa5 14. Nb5 Qb6 15. Rc1 Bd7 16. Nxd6 Ra5 17. Nc4 1-0

[Event "Titled Tuesday intern op 16th Jan Early"]
[Site "Chess.com INT"]
[Date "2024.01.16"]
[Round "5"]
[White "Ambartsumova, Karina"]
[Black "Livaic, Leon"]
[Result "0-1"]
[WhiteElo "2418"]
[BlackElo "2557"]
[PlyCount "72"]
[EventDate "2024.01.16"]
[EventType "swiss (blitz)"]
[EventRounds "11"]
[EventCountry "USA"]
[SourceTitle "CB04_2024"]
[SourceDate "2023.10.16"]
[SourceVersion "1"]
[SourceVersionDate "2023.10.16"]
[SourceQuality "1"]

1. d4 Nf6 2. c4 g6 3. g3 Bg7 4. Bg2 0-0 5. Nc3 d6 6. Nf3 Nbd7 7. 0-0 e5 8. e4 exd4 9. Nxd4 Re8 10. Re1 Nc5 11. b4 Ne6 12. Nc2 a5 13. b5 Nd7 14. Bb2 Nec5 15. Rb1 Ne5 16. Nd5 c6 17. Bxe5 dxe5 18. bxc6 bxc6 19. Nb6 Rb8 20. Nxc8 Rxc8 21. Bh3 Ra8 22. Qe2 Qc7 23. Qe3 Bf8 24. Red1 Rad8 25. Ne1 Rxd1 26. Rxd1 Rd8 27. Rxd8 Qxd8 28. Nf3 Qd1+ 29. Bf1 f6 30. Kg2 Qc2 31. Nd2 Qxa2 32. h4 a4 33. Be2 a3 34. h5 Qb2 35. hxg6 hxg6 36. Qf3 Qxd2 0-1

[Event "Titled Tuesday intern op 16th Jan Late"]
[Site "Chess.com INT"]
[Date "2024.01.16"]
[Round "10"]
[White "Livaic, Leon"]
[Black "Gasparyan, Davit"]
[Result "1/2-1/2"]
[WhiteElo "2557"]
[BlackElo "2189"]
[PlyCount "169"]
[EventDate "2024.01.16"]
[EventType "swiss (blitz)"]
[EventRounds "11"]
[EventCountry "USA"]
[SourceTitle "CB04_2024"]
[SourceDate "2023.10.16"]
[SourceVersion "1"]
[SourceVersionDate "2023.10.16"]
[SourceQuality "1"]

1. e4 c5 2. Nf3 g6 3. h4 Nf6 4. e5 Nd5 5. h5 gxh5 6. d4 d6 7. Bc4 Nb6 8. Bxf7+ Kxf7 9. Ng5+ Ke8 10. e6 Bxe6 11. Nxe6 Qc8 12. Qxh5+ Kd7 13. d5 Qe8 14. Qf5 Kc8 15. Nxf8+ N8d7 16. Nxd7 Nxd7 17. Nc3 Rf8 18. Qxh7 Ne5 19. f4 Ng4 20. Bd2 Nf6 21. Qd3 a6 22. a4 Rg8 23. g3 Ng4 24. a5 Kc7 25. Rh4 Qf7 26. 0-0-0 Nf2 27. Qh7 Rg7 28. Qh5 Qxh5 29. Rxh5 Nxd1 30. Nxd1 Rxg3 31. Rh7 Kd7 32. b3 Rf8 33. Ne3 Rxf4 34. Nc4 Rf1+ 35. Kb2 Rg2 36. Rh8 e5 37. Rh7+ Kd8 38. Ne3 Rxd2 39. Nxf1 Rxd5 40. Ne3 Rd4 41. Nc4 e4 42. Rxb7 d5 43. Ne3 Rd2 44. Rb6 d4 45. Nc4 Rh2 46. Re6 d3 47. Rxe4 Rxc2+ 48. Kb1 Rc3 49. Kb2 Rc2+ 50. Ka3 d2 51. Nxd2 Rxd2 52. Re6 Rd3 53. Kb2 Kc7 54. Rxa6 Rd2+ 55. Kc3 Rd4 56. Rh6 Rg4 57. Kb2 Rg3 58. Rh7+ Kc6 59. a6 Rg8 60. Kc3 Rg3+ 61. Kb2 Rg8 62. Ka3 Ra8 63. Ka4 Kb6 64. Rh6+ Kc7 65. Ka5 Rg8 66. a7 Kb7 67. Rh7+ Ka8 68. Kb5 c4 69. bxc4 Rg5+ 70. Kb4 Rb5+ 71. Kc3 Rb3+ 72. Kd4 Rd3+ 73. Kc5 Rd5+ 74. Kc6 Rc5+ 75. Kb6 Rb5+ 76. Kc6 Rc5+ 77. Kd6 Rd5+ 78. Ke6 Re5+ 79. Kf6 Rf5+ 80. Ke7 Re5+ 81. Kd8 Re8+ 82. Kd7 Rd8+ 83. Kc7 Rc8+ 84. Kb6 Rc6+ 85. Kxc6 1/2-1/2

[Event "Titled Tuesday intern op 16th Jan Early"]
[Site "Chess.com INT"]
[Date "2024.01.16"]
[Round "8"]
[White "Livaic, Leon"]
[Black "Koshulyan, Egor A"]
[Result "1-0"]
[WhiteElo "2557"]
[BlackElo "2136"]
[PlyCount "69"]
[EventDate "2024.01.16"]
[EventType "swiss (blitz)"]
[EventRounds "11"]
[EventCountry "USA"]
[SourceTitle "CB04_2024"]
[SourceDate "2023.10.16"]
[SourceVersion "1"]
[SourceVersionDate "2023.10.16"]
[SourceQuality "1"]

1. d4 d5 2. c4 e6 3. Nf3 Nf6 4. Nc3 c6 5. Bg5 h6 6. Bxf6 Qxf6 7. Qc2 Nd7 8. e4 dxe4 9. Qxe4 Bb4 10. Bd3 Qe7 11. 0-0 Nf6 12. Qe2 0-0 13. Ne4 Rd8 14. Rad1 g6 15. c5 Nd5 16. Nd6 Rxd6 17. cxd6 Bxd6 18. g3 b6 19. Ne5 Bb7 20. Rfe1 c5 21. dxc5 Bxc5 22. Qg4 Qf6 23. Re2 h5 24. Qe4 Rd8 25. Red2 Ba8 26. Qe2 Bxf2+ 27. Qxf2 Qxe5 28. Re1 Qg5 29. Be4 Rc8 30. h4 Qe7 31. Bxd5 Bxd5 32. Rxd5 Qb4 33. Rd3 Rc2 34. Qxc2 Qxe1+ 35. Kh2 1-0

[Event "Titled Tuesday intern op 16th Jan Early"]
[Site "Chess.com INT"]
[Date "2024.01.16"]
[Round "6"]
[White "Livaic, Leon"]
[Black "Kovalenko, Igor"]
[Result "1-0"]
[WhiteElo "2557"]
[BlackElo "2674"]
[PlyCount "109"]
[EventDate "2024.01.16"]
[EventType "swiss (blitz)"]
[EventRounds "11"]
[EventCountry "USA"]
[SourceTitle "CB04_2024"]
[SourceDate "2023.10.16"]
[SourceVersion "1"]
[SourceVersionDate "2023.10.16"]
[SourceQuality "1"]

1. d4 Nf6 2. c4 e6 3. Nf3 b6 4. Bf4 Bb7 5. e3 Bb4+ 6. Nfd2 Ne4 7. a3 Bxd2+ 8. Nxd2 Nxd2 9. Qxd2 0-0 10. Bd3 d6 11. 0-0 f5 12. Bg3 Nd7 13. f3 Qe7 14. b4 e5 15. d5 g6 16. e4 f4 17. Bf2 g5 18. Rac1 Nf6 19. c5 h5 20. Rc2 Rf7 21. Rfc1 Rg7 22. Kh1 Qd8 23. Rc3 Kh7 24. Qc2 Kh6 25. Qa4 h4 26. h3 Nh5 27. Ba6 Bxa6 28. Qxa6 Ng3+ 29. Bxg3 hxg3 30. cxd6 cxd6 31. Kg1 Rd7 32. Rc8 Rxc8 33. Rxc8 Qe7 34. Rh8+ Kg6 35. Qc8 Qf7 36. Rg8+ Kh6 37. Rh8+ Kg6 38. Qg8+ Qxg8 39. Rxg8+ Kf6 40. Rc8 b5 41. Kf1 a5 42. bxa5 Ra7 43. Rc6 Rxa5 44. Rxd6+ Kf7 45. Re6 Rxa3 46. Rxe5 Ra1+ 47. Ke2 Ra2+ 48. Kd3 Rxg2 49. d6 Rf2 50. d7 Rf1 51. Ke2 Rf2+ 52. Ke1 Rxf3 53. d8Q Re3+ 54. Kf1 g2+ 55. Kxg2 1-0

[Event "Titled Tuesday intern op 16th Jan Late"]
[Site "Chess.com INT"]
[Date "2024.01.16"]
[Round "7"]
[White "Livaic, Leon"]
[Black "Pham, Le Thao Nguyen"]
[Result "1-0"]
[WhiteElo "2557"]
[BlackElo "2395"]
[PlyCount "57"]
[EventDate "2024.01.16"]
[EventType "swiss (blitz)"]
[EventRounds "11"]
[EventCountry "USA"]
[SourceTitle "CB04_2024"]
[SourceDate "2023.10.16"]
[SourceVersion "1"]
[SourceVersionDate "2023.10.16"]
[SourceQuality "1"]

1. d4 d5 2. c4 c6 3. cxd5 cxd5 4. Bf4 Nc6 5. e3 Nf6 6. Nc3 a6 7. Be2 Bf5 8. Nf3 e6 9. Qb3 Na5 10. Qa4+ Nc6 11. Ne5 Rc8 12. Nxc6 Rxc6 13. Bxa6 Qb6 14. Bb5 Be7 15. Bxc6+ bxc6 16. Qa8+ Bd8 17. Qa3 Nd7 18. 0-0 f6 19. Bd6 Kf7 20. Na4 Qb5 21. Nc5 Nb6 22. Qa7+ Kg6 23. b3 h5 24. a4 Qe2 25. Qa6 Qg4 26. f3 Qh4 27. Bg3 Qg5 28. Bf4 Qh4 29. a5 1-0